Welcome to the Holygrace Academy Library

Please use search bar below to get started

THE CHARLIE MOON COLLECTION (Record no. 3309)

MARC details
000 -LEADER
fixed length control field 00300nam a22001337a 4500
020 ## - INTERNATIONAL STANDARD BOOK NUMBER
ISBN 0-09-926699-7
082 ## - DEWEY DECIMAL CLASSIFICATION NUMBER
Classification number 823
Item number HUG/S
100 ## - MAIN ENTRY--AUTHOR NAME
Personal name HUGHES
245 ## - TITLE STATEMENT
Title THE CHARLIE MOON COLLECTION
260 ## - PUBLICATION, DISTRIBUTION, ETC. (IMPRINT)
Place of publication UNITED KINGDOM
Name of publisher RED FOX
Year of publication 1988
300 ## - PHYSICAL DESCRIPTION
Number of Pages 149
650 ## - SUBJECT ADDED ENTRY--TOPICAL TERM
Topical Term NOVEL
Geographic subdivision UNITED KINGDOM
942 ## - ADDED ENTRY ELEMENTS (KOHA)
Koha item type Books
Holdings
Withdrawn status Lost status Collection code Home library Current library Shelving location Date acquired Source of acquisition Full call number Accession Number Koha item type
    Fiction Main Library Main Library SHELF-14F- ALPHABETICAL H,I --ENGLISH NOVELS & FICTIONS 08/11/2013 purchase 823 HUG/S 07544 Books